[Event "Politiken Cup 2011"]
[Site "Helsingor"]
[Date "2011.08.04"]
[Round "7.146"]
[White "Christiansen, Niels Jorgen"]
[Black "Thybo, Jan"]
[Result "1-0"]
[WhiteElo "1768"]
[BlackElo "1042"]
[PlyCount "79"]
[EventDate "2011.??.??"]
[WhiteTeam "Helsinge"]
[BlackTeam "Morsø"]

1. d4 Nf6 2. c4 g6 3. Nc3 Bg7 4. g3 O-O 5. Bg2 d6 6. e4 e5 7. dxe5 dxe5 8. Qe2
Nc6 9. Be3 Ng4 10. Rd1 Nd4 11. Bxd4 exd4 12. h3 Nf6 13. Nd5 c6 14. Nxf6+ Qxf6
15. Qd3 c5 16. Ne2 Qd8 17. O-O f5 18. Nf4 b6 19. e5 Rb8 20. Rfe1 Re8 21. e6 Bb7
22. Nd5 Bf6 23. Re2 Be7 24. b3 a6 25. a4 a5 26. h4 h5 27. Rde1 Rf8 28. f4 Bc6
29. Nxe7+ Qxe7 30. Bxc6 Rf6 31. Re5 Rd8 32. Bd7 Kh7 33. Kf2 Rg8 34. Rd5 Rg7 35.
Bc8 Qc7 36. Bd7 Re7 37. Bb5 Rexe6 38. Rd7+ Qxd7 39. Bxd7 Rxe1 40. Kxe1 1-0

[Event "Politiken Cup 2011"]
[Site "Helsingor"]
[Date "2011.08.04"]
[Round "7.131"]
[White "Merkesvik, Sondre"]
[Black "Merkesvik, Frode"]
[Result "1-0"]
[WhiteElo "1762"]
[BlackElo "1112"]
[PlyCount "89"]
[EventDate "2011.??.??"]
[WhiteTeam "Bergens"]
[BlackTeam "Bergen"]

1. Nf3 d6 2. g3 Nf6 3. Bg2 Nbd7 4. O-O c6 5. d3 Qc7 6. c4 e5 7. Nc3 Be7 8. a3
O-O 9. b4 b6 10. Nd2 Bb7 11. Bb2 c5 12. b5 Bxg2 13. Kxg2 g6 14. e3 Nh5 15. Nd5
Qb7 16. Qf3 Kg7 17. Nxe7 Qxf3+ 18. Nxf3 f5 19. Nd5 Ndf6 20. Nxf6 Nxf6 21. Nd2
h5 22. a4 Nd7 23. a5 Kf7 24. axb6 Nxb6 25. Bc3 Ke6 26. Ba5 Rab8 27. Bxb6 axb6
28. Ra7 Rf7 29. Rfa1 Rxa7 30. Rxa7 d5 31. e4 dxc4 32. Nxc4 fxe4 33. dxe4 g5 34.
Rh7 h4 35. Rh6+ Ke7 36. Nxe5 Ra8 37. Rxb6 hxg3 38. hxg3 Ra4 39. Ra6 Rxa6 40.
bxa6 Kd6 41. a7 Kxe5 42. a8=Q Kd4 43. Kf1 c4 44. Qc6 c3 45. Qd5# 1-0

[Event "Politiken Cup 2011"]
[Site "Helsingor"]
[Date "2011.08.04"]
[Round "7.133"]
[White "Satre, Mathias"]
[Black "Jensen, Torben Brieghel"]
[Result "1-0"]
[WhiteElo "1756"]
[BlackElo "1098"]
[PlyCount "95"]
[EventDate "2011.??.??"]
[WhiteTeam "Bergen"]
[BlackTeam "Hillerød"]

1. e4 e6 2. d4 d5 3. Nc3 Nf6 4. Bg5 Be7 5. e5 Nfd7 6. h4 c5 7. Bxe7 Qxe7 8. Nb5
Nb6 9. Nd6+ Kf8 10. dxc5 Qc7 11. cxb6 axb6 12. Bd3 Nd7 13. Qh5 Nc5 14. Bb5 Ne4
15. Be8 Qe7 16. Bb5 Nxd6 17. exd6 Qxd6 18. c3 Bd7 19. Bxd7 Qxd7 20. Nf3 f6 21.
Qg4 Kf7 22. O-O Ra4 23. Nd4 Qc8 24. Rfe1 Re8 25. Qh5+ Kg8 26. Qg4 e5 27. Qxc8
Rxc8 28. Nf5 Kf8 29. Red1 Rd8 30. Ne3 d4 31. cxd4 Raxd4 32. Rxd4 Rxd4 33. Rd1
Rxd1+ 34. Nxd1 Ke7 35. Kf1 Kd6 36. Ke2 Kd5 37. Kd3 b5 38. Nc3+ Kc5 39. a3 b4
40. Ne4+ Kb5 41. Nd6+ Kc6 42. Ne8 bxa3 43. bxa3 Kb5 44. Nxg7 Ka4 45. Ne8 Kxa3
46. Nxf6 b5 47. Nd5 Kb3 48. g4 1-0

[Event "Politiken Cup 2011"]
[Site "Helsingor"]
[Date "2011.08.04"]
[Round "7.134"]
[White "Løndalen, Sindre"]
[Black "Aartun, Eivind"]
[Result "0-1"]
[WhiteElo "1000"]
[BlackElo "1747"]
[PlyCount "62"]
[EventDate "2011.??.??"]
[WhiteTeam "Sevland"]
[BlackTeam "Stavanger"]

1. e4 c5 2. d4 cxd4 3. Qxd4 Nc6 4. Qd1 d6 5. Nc3 g6 6. Bc4 Nf6 7. Bg5 Bg7 8. h3
Qa5 9. Qd3 Qxg5 10. Nf3 Qa5 11. O-O O-O 12. Rad1 a6 13. a3 b5 14. Bd5 Bb7 15.
Rfe1 b4 16. axb4 Nxb4 17. Qc4 Nbxd5 18. exd5 Rfc8 19. Qb3 Rab8 20. Rxe7 Bxd5
21. Qa3 Qxa3 22. bxa3 Bxf3 23. gxf3 Rxc3 24. Rxd6 Rxf3 25. Rxa6 Nd5 26. Rd7 Nf4
27. Rd1 Bd4 28. Rf1 Rc8 29. Ra4 Rc5 30. h4 Bf6 31. h5 Rg5+ 0-1

[Event "Politiken Cup 2011"]
[Site "Helsingor"]
[Date "2011.08.04"]
[Round "7.135"]
[White "Hojgard, Brandur"]
[Black "Kyrkjebo, Eirik"]
[Result "1/2-1/2"]
[WhiteElo "1480"]
[BlackElo "1747"]
[PlyCount "43"]
[EventDate "2011.??.??"]
[WhiteTeam "TT Tofir"]
[BlackTeam "Stavanger"]

1. d4 d5 2. Nf3 Nf6 3. c4 c6 4. Nc3 a6 5. Qc2 dxc4 6. a4 a5 7. e4 Bg4 8. Be3 e6
9. Ne5 Na6 10. Bxc4 Nb4 11. Qb3 Be7 12. O-O O-O 13. f3 Bh5 14. Rad1 Qc7 15. Nd3
h6 16. Bf4 Qd7 17. Ne5 Qd8 18. g4 Bg6 19. Bxe6 Bh7 20. Bf5 Bxf5 21. exf5 Nfd5
22. Bc1 1/2-1/2

[Event "Politiken Cup 2011"]
[Site "Helsingor"]
[Date "2011.08.04"]
[Round "7.142"]
[White "Thingstad, Tormod"]
[Black "Hansen, Anders"]
[Result "0-1"]
[WhiteElo "1144"]
[BlackElo "1721"]
[PlyCount "56"]
[EventDate "2011.??.??"]
[WhiteTeam "Hønefoss"]
[BlackTeam "Harplinge"]

1. c4 c5 2. Nc3 Nc6 3. g3 e6 4. Bg2 Qc7 5. Nf3 a6 6. O-O Nf6 7. Rb1 b6 8. d3
Bb7 9. Qb3 Na5 10. Qc2 Bd6 11. Bg5 Nc6 12. Bxf6 gxf6 13. Ne4 Ke7 14. Rbd1 Rag8
15. Nxd6 Qxd6 16. a3 h5 17. d4 cxd4 18. e3 Qb8 19. exd4 Rg4 20. Rfe1 h4 21. d5
hxg3 22. hxg3 Ne5 23. Nxe5 fxe5 24. d6+ Kf8 25. Qe2 Rg5 26. Qe3 Rgh5 27. Qxb6
Rh1+ 28. Bxh1 Rxh1# 0-1

[Event "Politiken Cup 2011"]
[Site "Helsingor"]
[Date "2011.08.04"]
[Round "7.143"]
[White "Wallin, Kenneth"]
[Black "Savio, Niklas"]
[Result "1/2-1/2"]
[WhiteElo "1710"]
[BlackElo "1040"]
[PlyCount "42"]
[EventDate "2011.??.??"]
[WhiteTeam "HASK Helsingborg"]
[BlackTeam "Caissa"]

1. Nf3 d5 2. d4 e6 3. c4 c6 4. e3 f5 5. Ne5 Nf6 6. cxd5 cxd5 7. Bb5+ Bd7 8.
Nxd7 Nbxd7 9. O-O Bd6 10. Nd2 a6 11. Ba4 b5 12. Bc2 g5 13. g3 g4 14. Re1 h5 15.
f3 h4 16. Nf1 hxg3 17. hxg3 gxf3 18. Qxf3 Ne4 19. Re2 Qg5 20. Bxe4 fxe4 21. Qg2
Ke7 1/2-1/2

[Event "Politiken Cup 2011"]
[Site "Helsingor"]
[Date "2011.08.04"]
[Round "7.144"]
[White "Seirup, Simon"]
[Black "Dyrhaug, Sverre S"]
[Result "1-0"]
[WhiteElo "1694"]
[BlackElo "1019"]
[PlyCount "61"]
[EventDate "2011.??.??"]
[WhiteTeam "Jyderup"]
[BlackTeam "Stavanger"]

1. d4 Nf6 2. c4 e6 3. Nc3 d5 4. cxd5 exd5 5. Bg5 Nbd7 6. e3 h6 7. Bh4 c6 8. Bd3
Be7 9. Nge2 O-O 10. O-O b6 11. Qa4 Bb7 12. b4 a5 13. b5 c5 14. Rac1 Rc8 15. Bb1
cxd4 16. exd4 Rc4 17. Qd1 Ba3 18. Rc2 Bb4 19. Qd3 Qc8 20. a3 Bxc3 21. Nxc3 Qd8
22. Ba2 Rc7 23. Bxd5 Bxd5 24. Nxd5 Ne5 25. Nxf6+ gxf6 26. Qg3+ Kh7 27. Rxc7
Qxc7 28. Bxf6 Rg8 29. Qxe5 Qb7 30. d5 Rg6 31. h4 1-0

[Event "Politiken Cup 2011"]
[Site "Helsingor"]
[Date "2011.08.04"]
[Round "7.145"]
[White "Jorgensen, Orla Eilegaard"]
[Black "Andreassen, Espen"]
[Result "1-0"]
[WhiteElo "1673"]
[BlackElo "1000"]
[PlyCount "97"]
[EventDate "2011.??.??"]
[WhiteTeam "Allerød"]
[BlackTeam "Sevland"]

1. c4 g6 2. Nc3 Bg7 3. d4 Nf6 4. g3 d6 5. Bg2 O-O 6. Bg5 h6 7. Bd2 Nc6 8. Nf3
Re8 9. Qc1 Kh7 10. d5 Nb8 11. h4 Nbd7 12. Qc2 Kg8 13. Qc1 Ng4 14. Bh3 Ndf6 15.
Nh2 Kh7 16. Nxg4 Nxg4 17. Bxg4 Bxg4 18. f3 Bd7 19. Qc2 Kg8 20. g4 a6 21. Qc1
Kh7 22. Ne4 f6 23. Ng3 Rf8 24. g5 h5 25. Qc2 f5 26. Bc3 Bxc3+ 27. Qxc3 f4 28.
Ne4 c6 29. e3 Rc8 30. Qd2 fxe3 31. Qxe3 cxd5 32. cxd5 Qa5+ 33. Nc3 Rfe8 34. Qd2
e5 35. O-O Bb5 36. Rf2 Rc5 37. Qd1 Bc4 38. Ne4 Rf8 39. Nxc5 Qxc5 40. Rc1 Qxd5
41. Rd2 Qc5+ 42. Kg2 d5 43. b3 b5 44. bxc4 bxc4 45. Rxd5 Qb4 46. Rd7+ Kg8 47.
Qd5+ Kh8 48. Qxe5+ Kg8 49. Qg7# 1-0

[Event "Politiken Cup 2011"]
[Site "Helsingor"]
[Date "2011.08.04"]
[Round "7.147"]
[White "Wadtland, Flemming"]
[Black "Brastein, Ragner"]
[Result "0-1"]
[WhiteElo "1605"]
[BlackElo "1000"]
[PlyCount "110"]
[EventDate "2011.??.??"]
[WhiteTeam "Taastrup"]
[BlackTeam "Sandness"]

1. c4 e5 2. Nc3 Nc6 3. g3 Bc5 4. Bg2 Nge7 5. a3 a6 6. b4 Bd4 7. Bb2 Bxc3 8.
Bxc3 d6 9. e3 Be6 10. Qe2 d5 11. cxd5 Bxd5 12. Nf3 Ng6 13. O-O O-O 14. Rfd1 Qe7
15. Rab1 Rfe8 16. Rb2 e4 17. Nd4 Nxd4 18. Bxd4 a5 19. Rc1 axb4 20. axb4 Ne5 21.
Bxe5 Qxe5 22. Rbc2 c6 23. b5 cxb5 24. Qxb5 Bc6 25. Qxe5 Rxe5 26. Bf1 h6 27. Bc4
Bd5 28. Bxd5 Rxd5 29. Rb2 b5 30. Kf1 Kf8 31. Ke2 Ke7 32. Rc7+ Ke6 33. Rb7 Ra5
34. f3 exf3+ 35. Kxf3 h5 36. h4 g6 37. Rb6+ Rd6 38. Rxd6+ Kxd6 39. Rb1 Kc5 40.
Rb2 Ra4 41. Rc2+ Rc4 42. d4+ Kb4 43. Rd2 Kc3 44. Ke2 Rc8 45. Kd1 Re8 46. Rc2+
Kd3 47. d5 Rd8 48. e4 Kxe4 49. Re2+ Kf3 50. Rd2 Kxg3 51. d6 f5 52. d7 f4 53.
Ke2 b4 54. Kf1 Kg4 55. Rg2+ Kxh4 0-1

[Event "Politiken Cup 2011"]
[Site "Helsingor"]
[Date "2011.08.04"]
[Round "7.153"]
[White "Svane, Troels"]
[Black "Svane, Minna"]
[Result "1-0"]
[WhiteElo "1500"]
[BlackElo "1000"]
[PlyCount "109"]
[EventDate "2011.??.??"]
[WhiteTeam "Lubecker Schachverein"]
[BlackTeam "Lubecker Schachverein"]

1. Nf3 d5 2. g3 e6 3. Bg2 Bc5 4. O-O Nf6 5. d3 b6 6. c4 Bb7 7. Nc3 O-O 8. Bg5
Na6 9. Qd2 Be7 10. Bf4 Rc8 11. Nb5 Bd6 12. Nxd6 cxd6 13. Rfc1 Nc7 14. Rc2 d4
15. Qd1 Nh5 16. Bg5 Nf6 17. Nxd4 Bxg2 18. Kxg2 Qd7 19. Bxf6 gxf6 20. Rac1 Kh8
21. Nb5 Qc6+ 22. f3 Ra8 23. Qd2 a6 24. Nxc7 Qxc7 25. Qh6 Rg8 26. Qxf6+ Rg7 27.
d4 Rag8 28. Qf4 Qd8 29. Kf2 Qe7 30. g4 f5 31. h3 Qh4+ 32. Qg3 Qg5 33. Kg1 e5
34. dxe5 f4 35. Qg2 dxe5 36. Rd2 e4 37. Rd5 Qh4 38. Kf1 e3 39. Ra1 Qf6 40. Qh2
Qf7 41. Kg2 b5 42. b3 Rf8 43. Rad1 Qf6 44. Qg1 Rfg8 45. Rf5 Qh4 46. Rxf4 h5 47.
Rdd4 Qg5 48. Kh2 Qe5 49. Kh1 Qe6 50. Rfe4 Qh6 51. Qxe3 Kh7 52. Qxh6+ Kxh6 53.
Re5 hxg4 54. Rd6+ Kh7 55. Rh5# 1-0

[Event "Politiken Cup 2011"]
[Site "Helsingor"]
[Date "2011.08.04"]
[Round "7.148"]
[White "Edvardsson, Hannu K"]
[Black "Brobakken, Jørgen"]
[Result "1/2-1/2"]
[WhiteElo "1482"]
[BlackElo "1000"]
[PlyCount "38"]
[EventDate "2011.??.??"]
[BlackTeam "Hamar"]

1. e4 e5 2. Nf3 Nc6 3. Be2 Nf6 4. Nc3 Bc5 5. O-O O-O 6. h3 d6 7. d3 Be6 8. Na4
b6 9. Nxc5 bxc5 10. Bg5 h6 11. Bxf6 Qxf6 12. Nh2 Nd4 13. Bg4 Bxg4 14. Nxg4 Qe7
15. c3 Ne6 16. Ne3 Rab8 17. b3 Qd8 18. Nf5 Qg5 19. Qg4 Qxg4 1/2-1/2

[Event "Politiken Cup 2011"]
[Site "Helsingor"]
[Date "2011.08.04"]
[Round "7.149"]
[White "Petersen, Jan"]
[Black "Andreassen, Jonas"]
[Result "1-0"]
[WhiteElo "1396"]
[BlackElo "1000"]
[PlyCount "71"]
[EventDate "2011.??.??"]
[WhiteTeam "Helsingør"]
[BlackTeam "Sevland"]

1. d4 Nf6 2. c4 c5 3. d5 e6 4. Nc3 exd5 5. cxd5 g6 6. e4 d6 7. Be2 Bg7 8. Nf3
O-O 9. Nd2 Re8 10. O-O Bg4 11. Bxg4 Nxg4 12. Qxg4 Bxc3 13. bxc3 Qf6 14. Qf3
Qxf3 15. gxf3 Nd7 16. Rb1 b6 17. c4 Ne5 18. Bb2 Nd3 19. Rfd1 Nb4 20. a3 Nc2 21.
Rbc1 Nd4 22. Bxd4 cxd4 23. Nb3 Re5 24. Nxd4 Rg5+ 25. Kh1 Rh5 26. Rg1 a5 27. a4
Rb8 28. Nc6 Rb7 29. Rb1 Kg7 30. Nxa5 Ra7 31. Nc6 Rxa4 32. Rxb6 Rxc4 33. Rb7 Rc2
34. Rf1 Rh3 35. Kg2 Rh5 36. Nd8 1-0

[Event "Politiken Cup 2011"]
[Site "Helsingor"]
[Date "2011.08.04"]
[Round "7.150"]
[White "Skjølås, Erling Dyrhaug"]
[Black "Hviid, Hans Henrik"]
[Result "1-0"]
[WhiteElo "1000"]
[BlackElo "1319"]
[PlyCount "129"]
[EventDate "2011.??.??"]
[WhiteTeam "Stavanger"]
[BlackTeam "Hillerød"]

1. e4 e5 2. Nf3 Nc6 3. Bc4 d6 4. d4 Bg4 5. c3 Nf6 6. Qd3 Bxf3 7. gxf3 exd4 8.
cxd4 Be7 9. Bd2 O-O 10. d5 Ne5 11. Qe2 Nxc4 12. Qxc4 Nd7 13. Nc3 Ne5 14. Qe2
Ng6 15. O-O-O Bg5 16. Bxg5 Qxg5+ 17. Kb1 a6 18. Rhg1 Qe5 19. h3 Nf4 20. Qf1 h6
21. Ne2 Nxe2 22. Qxe2 f5 23. Rg2 fxe4 24. fxe4 Rae8 25. Rdg1 Kh7 26. Rxg7+ Qxg7
27. Rxg7+ Kxg7 28. Qg4+ Kh7 29. Qd7+ Kg8 30. Qxc7 Rxe4 31. Qxd6 Re1+ 32. Kc2
Rxf2+ 33. Kd3 Rfe2 34. Qg6+ Kf8 35. Qxh6+ Ke7 36. Qg5+ Kd6 37. h4 Re5 38. Qf6+
Kxd5 39. Qf7+ Kc6 40. Qf3+ Kc7 41. h5 Kd6 42. Kd2 R1e4 43. h6 Re8 44. h7 R4e7
45. Qf6+ Re6 46. h8=Q Rxf6 47. Qxf6+ Re6 48. Qd4+ Kc7 49. Kc3 Rc6+ 50. Kb3 Rb6+
51. Ka3 Rb5 52. b4 Kb8 53. Kb3 a5 54. a3 Ka8 55. Kc3 axb4+ 56. axb4 Rh5 57. Kc4
b5+ 58. Kc3 Rh3+ 59. Kd2 Rh2+ 60. Ke3 Rh3+ 61. Kf2 Rh5 62. Qd8+ Kb7 63. Qe7+
Kb6 64. Qe6+ Ka7 65. Qf7+ 1-0

[Event "Politiken Cup 2011"]
[Site "Helsingor"]
[Date "2011.08.04"]
[Round "7.151"]
[White "Haukenes, Jonas"]
[Black "Sønderskov, Lissi"]
[Result "1-0"]
[WhiteElo "1000"]
[BlackElo "1099"]
[PlyCount "51"]
[EventDate "2011.??.??"]
[WhiteTeam "Hamar"]
[BlackTeam "Allerød"]

1. g3 d5 2. Bg2 Nf6 3. Nf3 c5 4. d3 Nc6 5. Nbd2 e5 6. O-O d4 7. b3 Bd6 8. Bb2
O-O 9. c3 Be6 10. Nc4 Bc7 11. Qc2 b5 12. Ncd2 Qd7 13. Ng5 Bg4 14. c4 bxc4 15.
dxc4 Bxe2 16. Rfe1 Bg4 17. Bf3 Bf5 18. Be4 Bxe4 19. Ndxe4 Qf5 20. Nxf6+ Kh8 21.
Qxf5 g6 22. Qh3 Kg7 23. Nd5 h6 24. Ne4 f5 25. Nxc7 Rfd8 26. Ne6+ 1-0

[Event "Politiken Cup 2011"]
[Site "Helsingor"]
[Date "2011.08.04"]
[Round "7.152"]
[White "Haukenes, Elias"]
[Black "Svane, Kristian"]
[Result "0-1"]
[WhiteElo "1000"]
[BlackElo "1000"]
[PlyCount "50"]
[EventDate "2011.??.??"]
[WhiteTeam "Hamar"]
[BlackTeam "Lübecker Schackverein"]

1. d4 f5 2. g3 Nf6 3. Bg2 g6 4. Nf3 Bg7 5. Bf4 O-O 6. O-O d6 7. c4 Nbd7 8. Nc3
Qe8 9. Re1 e5 10. Bg5 e4 11. Nh4 b6 12. Nd5 Nxd5 13. cxd5 Bb7 14. Qb3 Qf7 15.
Qc2 Rac8 16. Qa4 Nf6 17. Qxa7 Qxd5 18. e3 Nd7 19. Rad1 Rfe8 20. Bf1 Ra8 21.
Qxa8 Rxa8 22. b3 Ba6 23. Re2 f4 24. Bxf4 Qh5 25. Rde1 g5 0-1

[Event "Politiken Cup 2011"]
[Site "Helsingor"]
[Date "2011.08.04"]
[Round "7.154"]
[White "Hjornevik, Oyvind"]
[Black "Svane, Freja"]
[Result "0-1"]
[WhiteElo "1000"]
[BlackElo "1000"]
[PlyCount "36"]
[EventDate "2011.??.??"]
[WhiteTeam "Sandness"]
[BlackTeam "Lübecker Schackverein"]

1. e4 e5 2. Nf3 d6 3. c3 Bg4 4. d4 Nd7 5. Bg5 f6 6. Be3 c6 7. Nbd2 Qc7 8. Nb3
O-O-O 9. h3 Bh5 10. Be2 Ne7 11. O-O Ng6 12. g4 Bxg4 13. hxg4 Nb6 14. Qc2 Qd7
15. Rfd1 Qxg4+ 16. Kf1 Nh4 17. Nxh4 Qxh4 18. Nd2 Qh1# 0-1

[Event "Politiken Cup 2011"]
[Site "Helsingor"]
[Date "2011.08.05"]
[Round "8.4"]
[White "Blomqvist, Erik"]
[Black "Nielsen, Peter Heine"]
[Result "0-1"]
[WhiteElo "2438"]
[BlackElo "2681"]
[PlyCount "62"]
[EventDate "2011.??.??"]
[WhiteTeam "SK Rockaden"]
[BlackTeam "Skanderborg"]

1. Nf3 g6 2. e4 c5 3. d4 cxd4 4. Nxd4 Nf6 5. Nc3 d6 6. Be3 Bg7 7. f3 O-O 8. Qd2
Nc6 9. O-O-O d5 10. exd5 Nxd5 11. Nxc6 bxc6 12. Bd4 Bxd4 13. Qxd4 Qb6 14. Na4
Qc7 15. Bc4 Rd8 16. h4 Bf5 17. Bb3 Qg3 18. Qd2 Nf4 19. Qb4 e6 20. Qe7 Rxd1+ 21.
Rxd1 Nxg2 22. a3 Qxh4 23. Qb7 Qf4+ 24. Kb1 Rb8 25. Qe7 Ne3 26. Rd7 Rf8 27. Nc5
Nd5 28. Bxd5 exd5 29. Rxa7 Qc4 30. a4 Qxc2+ 31. Ka2 d4 0-1

[Event "Politiken Cup 2011"]
[Site "Helsingor"]
[Date "2011.08.05"]
[Round "8.5"]
[White "Bu, Xiangzhi"]
[Black "Zatonskih, Anna"]
[Result "1/2-1/2"]
[WhiteElo "2675"]
[BlackElo "2522"]
[PlyCount "76"]
[EventDate "2011.??.??"]
[WhiteTeam "Shangdon"]

1. Nf3 d5 2. d4 Nf6 3. c4 e6 4. Nc3 Be7 5. Bg5 h6 6. Bxf6 Bxf6 7. Qb3 dxc4 8.
Qxc4 O-O 9. e3 b6 10. Be2 Bb7 11. O-O Nd7 12. Rfd1 a6 13. a4 c5 14. d5 exd5 15.
Nxd5 Bxd5 16. Qxd5 Ra7 17. Rd2 Nb8 18. Qb3 Qc7 19. Rad1 Rb7 20. Qc2 b5 21. axb5
axb5 22. b3 Re8 23. Rd5 Na6 24. Qf5 Qc8 25. Qh5 c4 26. bxc4 bxc4 27. Nd4 g6 28.
Qxh6 Nb4 29. Rb5 c3 30. Rxb7 Qxb7 31. Kf1 Bxd4 32. exd4 c2 33. Rc1 Na2 34. Bc4
Nxc1 35. Qxg6+ Kf8 36. Qh6+ Kg8 37. Qg6+ Kf8 38. Qh6+ Kg8 1/2-1/2

[Event "Politiken Cup 2011"]
[Site "Helsingor"]
[Date "2011.08.05"]
[Round "8.6"]
[White "Fridman, Daniel"]
[Black "Danielsen, Henrik"]
[Result "1/2-1/2"]
[WhiteElo "2659"]
[BlackElo "2535"]
[PlyCount "141"]
[EventDate "2011.??.??"]
[WhiteTeam "Mulheim"]
[BlackTeam "BMS"]

1. d4 d6 2. Nf3 g6 3. g3 Bg7 4. Bg2 f5 5. O-O Nf6 6. c4 O-O 7. Nc3 c6 8. Rb1 a5
9. d5 Bd7 10. Nd4 Qc7 11. Re1 Na6 12. e4 fxe4 13. Nxe4 Nxe4 14. Rxe4 Rae8 15.
Bg5 Rf7 16. Ne6 Bxe6 17. Rxe6 Nc5 18. Re2 e6 19. a3 cxd5 20. cxd5 e5 21. Be3 e4
22. Rc1 Qb6 23. Bh3 Rc7 24. Rc4 Qa6 25. Rec2 b5 26. Be6+ Rxe6 27. Rxc5 Rxc5 28.
dxe6 Rxc2 29. Qxc2 d5 30. e7 Kf7 31. Qc7 Bf6 32. Qd7 Bxe7 33. Qxd5+ Kg7 34.
Qxe4 Bf6 35. Qd5 Bxb2 36. Qd7+ Kg8 37. Qe8+ Kg7 38. Qe7+ Kg8 39. Qd8+ Kg7 40.
Qe7+ Kg8 41. Qd8+ Kg7 42. Qd7+ Kg8 43. Bh6 Qa8 44. Qxb5 Bg7 45. Bxg7 Kxg7 46.
Qd7+ Kg8 47. a4 Qa6 48. Qd8+ Kg7 49. Qc7+ Kg8 50. h4 h5 51. Qd8+ Kg7 52. Qe7+
Kg8 53. Qe4 Qb6 54. Kg2 Kf7 55. Kf3 Kf6 56. Qf4+ Kg7 57. Ke4 Qc6+ 58. Ke5 Kg8
59. Qd4 Qc7+ 60. Ke6 Qc6+ 61. Ke7 Qc7+ 62. Qd7 Qc5+ 63. Qd6 Qb4 64. Ke6 Qxa4
65. Kf6 Qa1+ 66. Kxg6 Qb1+ 67. Kg5 Qb5+ 68. Kg6 Qe8+ 69. Kg5 Qb5+ 70. Kg6 Qe8+
71. Kg5 1/2-1/2

[Event "Politiken Cup 2011"]
[Site "Helsingor"]
[Date "2011.08.05"]
[Round "8.7"]
[White "Petrov, Marijan"]
[Black "Gustafsson, Jan"]
[Result "1/2-1/2"]
[WhiteElo "2534"]
[BlackElo "2634"]
[PlyCount "25"]
[EventDate "2011.??.??"]

1. e4 e5 2. Nf3 Nc6 3. Bc4 Nf6 4. d3 Be7 5. O-O O-O 6. Re1 d6 7. a4 h6 8. Nbd2
Nh7 9. c3 Ng5 10. h3 Kh8 11. d4 Bf6 12. dxe5 dxe5 13. Nxg5 1/2-1/2

[Event "Politiken Cup 2011"]
[Site "Helsingor"]
[Date "2011.08.05"]
[Round "8.1"]
[White "Kurnosov, Igor"]
[Black "Khenkin, Igor"]
[Result "1/2-1/2"]
[WhiteElo "2633"]
[BlackElo "2620"]
[PlyCount "53"]
[EventDate "2011.??.??"]

1. e4 d6 2. d4 Nf6 3. f3 Nbd7 4. Be3 e5 5. d5 Be7 6. c4 Nh5 7. Nc3 a6 8. Qd2 h6
9. Nh3 Nb6 10. Nf2 Bg5 11. g3 Bxe3 12. Qxe3 Qg5 13. Kd2 Bd7 14. Be2 g6 15. b4
f5 16. c5 Qxe3+ 17. Kxe3 Na4 18. Nxa4 Bxa4 19. Rhc1 Rh7 20. Kd2 Nf6 21. Rc3 Rf7
22. Ke3 Nh5 23. Ra3 Bd7 24. Rc1 Rb8 25. Bc4 f4+ 26. gxf4 Nxf4 27. Bf1 1/2-1/2

[Event "Politiken Cup 2011"]
[Site "Helsingor"]
[Date "2011.08.05"]
[Round "8.8"]
[White "Savchenko, Boris"]
[Black "Cmilyte, Viktorija"]
[Result "1-0"]
[WhiteElo "2615"]
[BlackElo "2528"]
[PlyCount "43"]
[EventDate "2011.??.??"]
[BlackTeam "Skanderborg"]

1. e4 e5 2. Nf3 Nc6 3. Bc4 Bc5 4. b4 Bxb4 5. c3 Ba5 6. Qb3 Qe7 7. d4 Nf6 8. d5
Nd4 9. Nxd4 exd4 10. O-O O-O 11. f3 dxc3 12. Ba3 d6 13. Nxc3 Nh5 14. Kh1 f5 15.
exf5 Rxf5 16. g4 Qh4 17. Ne4 Rf4 18. gxh5 Bh3 19. Bb2 Bxf1 20. Rxf1 Re8 21. Qe3
Bb6 22. Nf6+ 1-0

[Event "Politiken Cup 2011"]
[Site "Helsingor"]
[Date "2011.08.05"]
[Round "8.2"]
[White "Hammer, Jon Ludvig"]
[Black "Radulski, Julian"]
[Result "1-0"]
[WhiteElo "2610"]
[BlackElo "2556"]
[PlyCount "119"]
[EventDate "2011.??.??"]

1. e4 e5 2. Nf3 Nc6 3. Bb5 a6 4. Ba4 Nf6 5. O-O Be7 6. Re1 b5 7. Bb3 d6 8. c3
O-O 9. h3 Na5 10. Bc2 c5 11. d4 Qc7 12. Nbd2 cxd4 13. cxd4 Bb7 14. d5 Bc8 15.
Re3 Nb7 16. Rc3 Qb8 17. b4 a5 18. Ba3 Bd8 19. Bd3 Bd7 20. Qf1 axb4 21. Bxb4 Ba5
22. a3 Rc8 23. Rxc8+ Qxc8 24. Bxb5 Bxb5 25. Qxb5 Bxb4 26. Qxb4 Nc5 27. a4 Rb8
28. Qc3 Nfxe4 29. Nxe4 Nxe4 30. Qc6 Qb7 31. a5 Qb2 32. Rf1 Qa2 33. a6 g6 34.
Kh2 Rb2 35. Nxe5 dxe5 36. Qe8+ Kg7 37. Qxe5+ Nf6 38. a7 Re2 39. a8=Q Qxa8 40.
Qxe2 Qxd5 41. Qb2 h5 42. Re1 Qd6+ 43. Kg1 Qd5 44. Re3 Qd1+ 45. Kh2 Qd6+ 46. g3
Kg8 47. Qe5 Qxe5 48. Rxe5 Kg7 49. Kg2 Nh7 50. Rb5 Nf6 51. Kf3 Ne8 52. Kf4 Nc7
53. Rb7 Ne8 54. Ke5 Nf6 55. f4 Nh7 56. f5 g5 57. Rb6 Nf8 58. f6+ Kg6 59. Rd6 h4
60. g4 1-0

[Event "Politiken Cup 2011"]
[Site "Helsingor"]
[Date "2011.08.05"]
[Round "8.9"]
[White "Hess, Robert L"]
[Black "Matthiesen, Martin"]
[Result "1-0"]
[WhiteElo "2609"]
[BlackElo "2251"]
[PlyCount "71"]
[EventDate "2011.??.??"]
[BlackTeam "SK68"]

1. e4 c6 2. Nc3 d5 3. d4 dxe4 4. Nxe4 Bf5 5. Ng3 Bg6 6. N1e2 e6 7. Nf4 Bd6 8.
c3 Nf6 9. h4 Bxf4 10. Bxf4 h6 11. Qb3 Qe7 12. h5 Bh7 13. Be2 O-O 14. O-O Nd5
15. Bd2 Qc7 16. Bf3 Nd7 17. c4 N5f6 18. Bb4 Rfe8 19. Qa3 e5 20. Bd6 Qb6 21.
Rad1 a5 22. Qc3 exd4 23. Rxd4 Nc5 24. Rfd1 Nce4 25. Bxe4 Bxe4 26. R4d2 Re6 27.
Be5 Bh7 28. c5 Qb4 29. Bxf6 gxf6 30. Qxb4 axb4 31. Rd7 Re5 32. Rxb7 Rxc5 33.
Rdd7 Rxa2 34. Rxf7 Ra1+ 35. Kh2 Rc4 36. Kh3 1-0

[Event "Politiken Cup 2011"]
[Site "Helsingor"]
[Date "2011.08.05"]
[Round "8.10"]
[White "Hendriks, Willy"]
[Black "Krasenkow, Michal"]
[Result "0-1"]
[WhiteElo "2415"]
[BlackElo "2607"]
[PlyCount "90"]
[EventDate "2011.??.??"]
[WhiteTeam "De Toren Arnhem"]

1. e4 g6 2. d4 Bg7 3. Nc3 c6 4. f4 d5 5. e5 Qb6 6. Na4 Qc7 7. Nc5 b6 8. Nd3 Nh6
9. Nf3 O-O 10. Be2 c5 11. O-O Nc6 12. c3 Bg4 13. dxc5 bxc5 14. Nxc5 Nxe5 15.
fxe5 Bxf3 16. Bxf3 Qxc5+ 17. Kh1 e6 18. Qe2 Nf5 19. Bf4 Rab8 20. Rad1 Rfc8 21.
Bg4 Qc4 22. Qxc4 Rxc4 23. Rf2 Re4 24. g3 Ne3 25. Bxe3 Rxe3 26. Rdf1 h5 27. Bh3
g5 28. Rxf7 g4 29. Bg2 Rxb2 30. Rxa7 Ree2 31. Rg1 Bxe5 32. Re7 Bxc3 33. Rxe6
Rxe6 34. Bxd5 Rbe2 35. Rc1 Bd4 36. h3 Kg7 37. Bxe6 Rxe6 38. Rc4 Re1+ 39. Kg2
Rg1+ 40. Kh2 Rd1 41. hxg4 hxg4 42. a4 Kf6 43. a5 Ke5 44. a6 Ra1 45. Rc6 Ke4 0-1